Every 100,000+ City in Brazil - Statistics

General Stats
  • This quiz has been taken 84 times
    20 since last reset
  • The average score is 80 of 340
Answer Stats
Letter Population City % Correct
R-D-J 14,089,813 Rio de Janeiro
100%
B 2,270,056 Belém
94%
B-H 4,157,815 Belo Horizonte
94%
C 3,185,822 Curitiba
94%
F 3,505,708 Fortaleza
94%
G 2,214,648 Goiânia
94%
M 2,471,643 Manaus
94%
P-A 3,754,314 Porto Alegre
94%
R 3,301,778 Recife
94%
S 3,113,168 Salvador
94%
S-P 23,105,148 São Paulo
94%
B 3,005,145 Brasília
89%
F 1,284,669 Florianópolis
89%
S-L 1,359,091 São Luís
89%
V 1,682,559 Vitória
89%
C 2,402,451 Campinas
83%
C-G 1,013,083 Campo Grande
78%
J-P 1,190,134 João Pessoa
78%
N 1,314,048 Natal
78%
C 1,102,528 Cuiabá
67%
S 1,296,414 Santos
67%
U 728,052 Uberlândia
67%
J 628,072 Joinville
61%
M 1,045,224 Maceió
61%
T 1,315,414 Teresina
61%
A 640,990 Aracaju
56%
B-V 524,098 Boa Vista
56%
G 1,362,430 Guarulhos
56%
L 561,041 Londrina
56%
O 743,432 Osasco
56%
P-V 517,249 Porto Velho
56%
A 406,098 Anápolis
50%
B 408,313 Blumenau
50%
C-G 427,116 Campina Grande
50%
M 246,391 Macaé
50%
P 330,042 Palmas
50%
P 390,011 Petrolina
50%
S-M 271,633 Santa Maria
50%
U 340,277 Uberaba
50%
F 352,537 Franca
44%
N-I 852,663 Nova Iguaçu
44%
P 278,881 Petrópolis
44%
V-D-C 370,868 Vitória da Conquista
44%
C 630,081 Contagem
39%
D-D-C 820,015 Duque de Caxias
39%
J-D-F 540,756 Juiz de Fora
39%
M 514,712 Macapá
39%
P 331,655 Pelotas
39%
P 423,323 Piracicaba
39%
R-P 698,259 Ribeirão Preto
39%
R-G 211,702 Rio Grande
39%
S 421,403 Santarém
39%
S-A 748,919 Santo André
39%
S-G 930,334 São Gonçalo
39%
S-J 270,295 São José
39%
S-J-D-C 697,428 São José dos Campos
39%
A 550,071 Ananindeau
33%
A-D-G 534,120 Aparecida de Goiânia
33%
A 197,360 Araguaína
33%
B 316,473 Barueri
33%
B 379,146 Bauru
33%
B-R 483,087 Belford Roxo
33%
B 453,937 Betim
33%
C-F 221,987 Cabo Frio
33%
C 357,919 Canoas
33%
C 378,052 Caruaru
33%
C 348,051 Cascavel
33%
C 160,812 Caxias
33%
C-D-S 528,484 Caxias do Sul
33%
C 254,781 Chapecó
33%
D 393,237 Diadema
33%
D 245,908 Dourados
33%
E-D-A 250,720 Embu das Artes
33%
F-D-S 653,170 Feira de Santana
33%
G-V 281,046 Governador Valadares
33%
G 287,634 Guarujá
33%
H 236,641 Hortolândia
33%
I 178,703 Ilhéus
33%
I 168,240 Itu
33%
J-D-G 722,353 Jaboatão dos Guararapes
33%
J 240,275 Jacareí
33%
J 240,628 Juazeiro
33%
J-D-N 493,602 Juazeiro do Norte
33%
J 443,116 Jundiaí
33%
L 164,981 Lages
33%
L-D-F 203,334 Lauro de Freitas
33%
M 342,007 Marabá
33%
M 502,108 Maringá
33%
M 418,261 Mauá
33%
M-D-C 451,505 Mogi das Cruzes
33%
M-C 414,240 Montes Claros
33%
M 313,279 Mossoró
33%
N 481,758 Niterói
33%
O 371,109 Olinda
33%
P 222,598 Palhoça
33%
P-F 206,224 Passo Fundo
33%
P 108,766 Patos
33%
P-G 358,367 Ponta Grossa
33%
P-G 349,935 Praia Grande
33%
P-P 225,668 Presidente Prudente
33%
R-B 390,680 Rio Branco
33%
R-C 201,418 Rio Claro
33%
R 255,431 Rondonópolis
33%
S-B-D-C 810,729 São Bernardo do Campo
33%
S-C 254,822 São Carlos
33%
S-J-D-M 440,962 São João de Meriti
33%
S-J-D-R-P 480,439 São José do Rio Preto
33%
S 542,227 Serra
33%
S 203,023 Sobral
33%
S 723,574 Sorocaba
33%
S 279,546 Sumaré
33%
S 307,364 Suzano
33%
T-D-S 273,542 Taboão da Serra
33%
T 310,739 Taubaté
33%
V-G 303,111 Várzea Grande
33%
V-V 508,533 Vila Velha
33%
A-L-D-G 225,693 Águas Lindas de Goiás
28%
A 237,247 Americana
28%
A 242,228 Araraquara
28%
B-C 301,438 Balneário Camboriú
28%
B 128,914 Bragança
28%
C-D-S-A 203,216 Cabo de Santo Agostinho
28%
C-D-I 210,589 Cachoeiro de Itapemirim
28%
C-D-G 483,551 Campos dos Goytacazes
28%
C 387,121 Carapicuíba
28%
C 383,917 Cariacica
28%
C 385,461 Caucaia
28%
C 232,056 Colombo
28%
C 273,640 Cotia
28%
C 214,493 Criciúma
28%
D 240,408 Divinópolis
28%
F-D-V 179,205 Ferraz de Vasconcelos
28%
F-D-I 285,415 Foz do Iguaçu
28%
G 102,826 Gravatá
28%
G 182,093 Guarapuava
28%
I 266,812 Imperatriz
28%
I 255,739 Indaiatuba
28%
I 227,731 Ipatinga
28%
I 264,054 Itajaí
28%
I 157,790 Itapetininga
28%
I 232,513 Itapevi
28%
I 369,275 Itaquaquecetuba
28%
L 291,869 Limeira
28%
L 214,976 Linhares
28%
M 228,127 Magé
28%
M 237,629 Marília
28%
N-F 189,937 Nova Friburgo
28%
N-L 111,697 Nova Lima
28%
P 266,424 Parauapebas
28%
P 272,356 Parnamirim
28%
P-D-M 159,235 Patos de Minas
28%
P 342,167 Paulista
28%
P-S 168,326 Porto Seguro
28%
R-D-N 341,415 Ribeirão das Neves
28%
R-V 225,696 Rio Verde
28%
S-C 220,444 Santa Luzia
28%
S-J-D-R 244,579 São José de Ribamar
28%
S-J-D-P 329,222 São José dos Pinhais
28%
S-L 217,410 São Leopoldo
28%
S-V 329,844 São Vicente
28%
S-L 241,835 Sete Lagoas
28%
S 226,024 Sinop
28%
T 165,123 Teresópolis
28%
T-L 138,412 Três Lagoas
28%
U 116,797 Ubá
28%
U 117,210 Uruguaiana
28%
V 224,116 Viamão
28%
A 159,080 Abaetetuba
22%
A 126,279 Altamira
22%
A 200,124 Araçatuba
22%
A 242,519 Arapiraca
22%
B-P 176,811 Bragança Paulista
22%
B 106,968 Breves
22%
C 203,251 Castanhal
22%
C-L 131,621 Conselheiro Lafaiete
22%
G 308,015 Gravataí
22%
I 224,267 Itaboraí
22%
I 213,685 Itabuna
22%
L 214,774 Luziânia
22%
M 244,397 Maracanaú
22%
M-G 153,661 Mogi Guaçu
22%
N 146,774 Nilópolis
22%
N-H 227,732 Novo Hamburgo
22%
P 165,428 Pindamonhangaba
22%
S-B-D 183,347 Santa Bárbara d'Oeste
22%
T 176,465 Timon
22%
V-R 261,584 Volta Redonda
22%
A 151,065 Alagoinhas
17%
A-D-R 167,418 Angra dos Reis
17%
B 117,938 Bagé
17%
C 101,572 Cáceres
17%
C 310,180 Camaçari
17%
N-S-D-S 204,823 Nossa Senhora do Socorro
17%
P 173,019 Parnaíba
17%
S 126,558 Santana
17%
S-R 156,900 Santa Rita
17%
S-C-D-S 165,655 São Caetano do Sul
17%
V-D-G 228,865 Valparaíso de Goiás
17%
A 187,315 Alvorada
11%
A 158,640 Atibaia
11%
B-M 169,899 Barra Mansa
11%
B-G 123,151 Bento Gonçalves
11%
B 145,155 Botucatu
11%
C 123,400 Colatina
11%
E 105,705 Erechim
11%
G 142,506 Garanhuns
11%
I 170,587 Ibirité
11%
I-D-S 158,522 Itapecerica da Serra
11%
J-D-S 182,660 Jaraguá do Sul
11%
O 103,970 Ourinhos
11%
P 127,019 Pinhais
11%
T-O 137,418 Teófilo Otoni
11%
V 136,467 Varginha
11%
A 113,121 Açailândia
6%
A-T 119,825 Almirante Tamandaré
6%
A 119,138 Arapongas
6%
A 130,866 Araras
6%
A 151,666 Araucária
6%
A 116,102 Ariquemes
6%
A 101,409 Assis
6%
B 104,633 Bacabal
6%
B 107,767 Balsas
6%
B 138,204 Barbacena
6%
B 159,743 Barreiras
6%
B 122,485 Barretos
6%
B 100,755 Bayeux
6%
B 118,979 Birigui
6%
C 136,258 Cachoeirinha
6%
C-N 109,476 Caldas Novas
6%
C 103,074 Camboriú
6%
C-L 136,327 Campo Largo
6%
C 112,251 Cianorte
6%
C 123,116 Codó
6%
C 117,612 Corumbá
6%
C 133,031 Crato
6%
F-D-R 144,849 Franco da Rocha
6%
G 126,701 Guarapari
6%
I 105,872 Itabaiana
6%
I 112,476 Itanhaém
6%
I 131,123 Itapipoca
6%
J 118,045 Jandira
6%
J 133,497 Jaú
6%
J 158,814 Jequié
6%
J-P 142,936 Ji-Paraná
6%
M 105,093 Maranguape
6%
M 197,300 Maricá
6%
M 167,128 Mesquita
6%
P-D-L 150,463 Paço do Lumiar
6%
P 114,503 Paragominas
6%
P 115,337 Passos
6%
P-P 100,559 Ponta Porã
6%
P-A 152,549 Pouso Alegre
6%
R 105,455 Redenção
6%
R 129,612 Resende
6%
R-D-O 156,491 Rio das Ostras
6%
S 134,319 Salto
6%
S-D-P 154,105 Santana de Parnaíba
6%
S-S 140,011 São Sebastião
6%
S-D-S 132,107 Sapucaia do Sul
6%
S 118,455 Sarandi
6%
S 126,887 Sertãozinho
6%
S-F 135,783 Simões Filho
6%
T-D-S 106,434 Tangará da Serra
6%
T-D-F 162,438 Teixeira de Freitas
6%
T 150,470 Toledo
6%
V 126,325 Valinhos
6%
V 109,825 Vilhena
6%
V 127,923 Votorantim
6%
A-E-L 100,346 Abreu e Lima
0%
A 130,134 Apucarana
0%
A 117,828 Araguari
0%
A 129,669 Araruama
0%
A 111,691 Araxá
0%
B 127,027 Barcarena
0%
B-D-P 100,764 Barra do Piraí
0%
B 141,385 Brusque
0%
C 147,771 Camaragibe
0%
C 107,208 Cambé
0%
C 139,364 Cametá
0%
C 134,875 Caraguatatuba
0%
C 114,427 Catalão
0%
C 115,785 Catanduva
0%
C-F 110,290 Coronel Fabriciano
0%
C 112,471 Cubatão
0%
E 114,396 Eunápolis
0%
F-R-G 148,873 Fazenda Rio Grande
0%
F 123,684 Formosa
0%
F-B 102,362 Francisco Beltrão
0%
F-M 165,139 Francisco Morato
0%
G 122,505 Guaratinguetá
0%
I 115,196 Igarassu
0%
I 120,904 Itabira
0%
I 104,082 Itacoatiara
0%
I 116,841 Itaguaí
0%
I 123,312 Itaituba
0%
I 101,041 Itaperuna
0%
I 122,424 Itatiba
0%
I 105,255 Ituiutaba
0%
I 107,970 Itumbiara
0%
J 105,729 Jataí
0%
L 108,770 Lagarto
0%
L 104,761 Lavras
0%
L-E-M 107,909 Luís Eduardo Magalhães
0%
M 101,995 Manacapuru
0%
M 100,257 Manhuaçu
0%
M 133,685 Marituba
0%
M 109,997 Muriaé
0%
N-S 105,552 Nova Serrana
0%
N-G 117,703 Novo Gama
0%
P 145,829 Paraguá
0%
P 120,025 Parintins
0%
P 110,537 Paulínia
0%
P-A 118,516 Paulo Afonso
0%
P 118,730 Piraquara
0%
P 186,154 Planaltina
0%
P 103,765 Poá
0%
P-D-C 168,641 Poços de Caldas
0%
Q 140,523 Queimanos
0%
R-P 115,559 Ribeirão Pires
0%
R-L 101,136 Rio Largo
0%
S 129,380 Sabará
0%
S-C-D-S 133,230 Santa Cruz do Sul
0%
S-A-D-J 103,055 Santo Antônio de Jesus
0%
S-G-D-A 115,838 São Gonçalo do Amarante
0%
S-J-D-B-V 101,225 São João da Boa Vista
0%
S-L-D-M 111,243 São Lourenço da Mata
0%
S-M 132,642 São Mateus
0%
S-P-D-A 104,029 São Pedro da Aldeia
0%
S 102,569 Saquarema
0%
S-C 155,635 Senador Canedo
0%
S 110,635 Sorisso
0%
T 123,942 Tatuí
0%
T 142,431 Trindade
0%
T 110,088 Tubarão
0%
T 109,037 Tucuruí
0%
U 117,095 Umuarama
0%
V-P 115,771 Várzea Paulista
0%
V 129,765 Vespasiano
0%
V 121,668 Vinhedo
0%
V-D-S-A 134,110 Vitória de Santo Antão
0%
No matching quizzes found
Score Distribution
Percent of People with Each Score
Percentile by Number Answered
Your Score History
You have not taken this quiz since the last reset